000 00752nam a22002177a 4500
999 _c18584
_d18584
003 AR-CdUCM
008 190514b ||||| |||| 00| 0 spa d
020 _a84-368-0061-3
040 _aMUNICIPALIDAD PROVINCIAL DEL CUSCO
_cBIBLIOTECA MUNICIPAL DEL CUSCO
082 _a657.034 /
_bC73
100 _aCodera, Jose Martin
_939252
245 _aDiccionario de Contabilidad /
260 _aMadrid :
_bEdiciones Piramide,
_c1977.
300 _a215 paginas ;
_bIlustraciones, graficos, dibujos, cuadros, tablas,
_c19.5 cm.
505 _aContenido: Diccionario completo acerca de la contabilidad
650 _aContabilidad
_910543
650 _aDiccionario
_95196
700 _aHostench, Torras
_939253
942 _2ddc
_cLIBROS
945 _apjha
_d2019-05-14